10 Biggest Cities by Australian State / Territory - Statistics

General Stats
  • This quiz has been taken 21 times
  • The average score is 37 of 74
Answer Stats
Hint Answer % Correct
1,245,011 Adelaide
100%
122,207 Darwin
100%
671,386 Gold Coast
100%
197,451 Hobart
100%
4,585,537 Melbourne
100%
2,043,762 Perth
100%
4,698,656 Sydney
100%
24,855 Alice Springs
94%
2,287,296 Brisbane
94%
153,181 Cairns
94%
490,181 Canberra
94%
284,131 Sunshine Coast
94%
348,539 Newcastle
88%
173,724 Townsville
88%
180,239 Geelong
81%
80,943 Launceston
81%
280,153 Wollongong
81%
105,348 Ballarat
75%
100,649 Bendigo
75%
91,516 Albury - Wodonga
69%
14,660 Broome
69%
325,255 Central Coast
69%
80,455 Mackay
69%
40,127 Orange
69%
31,128 Albany
63%
75,196 Bunbury
63%
52,370 Bundaberg
63%
29,068 Kalgoorlie - Boulder
63%
63,151 Rockhampton
63%
108,398 Toowoomba
63%
24,591 Devonport
56%
26,734 Mount Gambier
56%
5,980 Katherine
50%
14,404 Port Lincoln
50%
47,793 Port Macquarie
50%
49,686 Wagga Wagga
50%
32,894 Warrnambool
50%
20,267 Burnie - Somerset
44%
51,069 Coffs Harbour
44%
76,346 Melton
44%
38,052 Mildura
44%
49,862 Shepparton - Mooroopna
44%
32,717 Geraldton
38%
57,722 Hervey Bay
38%
21,554 Mount Barker
38%
17,457 Murray Bridge
38%
15,298 Port Hedland
38%
13,708 Port Pirie
38%
16,709 Victor Harbor
38%
27,233 Busselton
31%
28,562 Gawler
31%
17,013 Karratha
31%
89,597 Maitland
31%
12,723 Ulverstone
31%
20,880 Whyalla
31%
27,628 Traralgon
25%
4,408 George Town
19%
3,267 Nhulunbuy
19%
2,949 Tennant Creek
19%
15,783 Crafers - Bridgewater
13%
5,219 Dodges Ferry - Lewisham
13%
298 Hall
13%
6,153 New Norfolk
13%
38,010 Sunbury
13%
5,387 Wynyard
13%
11,009 Yanchep
13%
2,199 Galiwinku
6%
4,456 Latrobe
6%
309 Uriarra Village
6%
1,924 Wadeye
6%
1,153 Gunbalanya
0%
2,518 Maningrida
0%
82 Tharwa
0%
1,421 Wurrumiyanga
0%
No matching quizzes found
Score Distribution
Percent of People with Each Score
Percentile by Number Answered
Your Score History
You have not taken this quiz